Theories et structures algebriques
Saved in:
| Main Author: | |
|---|---|
| Format: | Book |
| Language: | French |
| Published: |
[Montreal] :
[Holt, Rinehart et Winston],
[1970]
|
| Subjects: | |
| Tags: |
Add Tag
No Tags, Be the first to tag this record!
|
MARC
| LEADER | 00000cam a2200000 a 4500 | ||
|---|---|---|---|
| 001 | 1/106692 | ||
| 008 | 150603s1970####cn | ||| |||| ||fre|| | ||
| 020 | |a 0039205649 | ||
| 040 | |a GR-MyUa |b gre |c GR-MyUa |e AACR2 | ||
| 041 | 0 | |a fre | |
| 082 | 7 | |a 512 |2 (23) | |
| 100 | 1 | |a Hervieux, Maurice, |d 1942- | |
| 245 | 1 | 0 | |a Theories et structures algebriques / |c Maurice Hervieux. |
| 260 | |a [Montreal] : |b [Holt, Rinehart et Winston], |c [1970] | ||
| 300 | |a v, 42 σ. : |b πίν. ; |c 23 εκ. | ||
| 650 | 0 | |a Algebra. | |
| 852 | |a INST |b SAMOS |c MAG |e 20150603 |h 512 HER |p 005300035078 |q 005300035078 |t BK |y 0 | ||
| 970 | |a Σιτζίμη |b Γιασεμή |z 03/06/2015 | ||